[Event "Foment Martinenc op-C 19st"]
[Site "Barcelona"]
[Date "2017.05.13"]
[Round "4.24"]
[White "Garcia Martinez, Joel"]
[Black "Bernat Mor, Juli"]
[Result "0-1"]
[WhiteElo "1491"]
[BlackElo "1730"]
[PlyCount "139"]
[EventDate "2017.04.22"]
[EventType "swiss"]
[EventRounds "9"]
[EventCountry "ESP"]
[SourceTitle "EXT 2024"]
[Source "ChessBase"]
[SourceDate "2023.10.10"]
[SourceVersion "1"]
[SourceVersionDate "2023.10.10"]
[SourceQuality "1"]

1. e4 c6 2. Nf3 d5 3. d3 dxe4 4. dxe4 Qxd1+ 5. Kxd1 Bg4 6. Nc3 Nd7 7. h3 Bxf3+ 8. gxf3 0-0-0 9. Be3 Kb8 10. Ke2 e6 11. Rd1 h6 12. Bf4+ Ka8 13. Bc7 Rc8 14. Rxd7 Be7 15. Rg1 g6 16. Rg4 Re8 17. e5 h5 18. Ra4 f6 19. Bb6 a6 20. Kd1 Nh6 21. Bxa6 bxa6 22. Rxa6+ Kb8 23. Bc7+ Kc8 24. Rd4 Kxc7 25. Ra7+ Kb6 26. Raa4 Nf5 27. Re4 fxe5 28. Rxe5 Bd6 29. Rea5 Rb8 30. Ne4 Rhd8 31. Ra6+ Kb7 32. Ra7+ Kc8 33. Ke2 Rxb2 34. Rc4 Rb6 35. Ng5 Rd7 36. Ra8+ Kb7 37. Rg8 Rg7 38. Re8 Re7 39. Rxe7+ Bxe7 40. Nxe6 Nd6 41. Rd4 Rb2 42. Nc5+ Kc7 43. Na6+ Kb6 44. Nb4 Kc5 45. Nd3+ Kxd4 46. Nxb2 Nc4 47. Na4 Bd8 48. c3+ Kd5 49. Kd3 Ne5+ 50. Ke3 Kc4 51. Ke4 Nd3 52. Ke3 Ba5 53. f4 Bxc3 54. Nxc3 Kxc3 55. Ke4 c5 56. a4 Nb4 57. Ke5 c4 58. Kf6 Kb2 59. Kxg6 c3 60. f5 Nd5 61. f6 Nxf6 62. Kxf6 c2 63. a5 c1Q 64. a6 Qa1 65. a7 Qxa7 66. f3 Qe3 67. Kg6 Qxf3 68. Kh6 h4 69. Kg6 Qxh3 70. Kf6 0-1